LEADER 01224nam a2200325 a 4500 001 000000123967 003 CaOOAMICUS 005 20101221094501.0 008 101221s2010 it d u000 u ita r 020 $a978-88-15-13892-7 040 $aPUL$bita 082 04$a337 100 1 $aBertola, Giuseppe.$0(OLS)http://pul/name/78191 245 13$aIl mercato /$cGiuseppe Bertola. 250 $a2. ed. aggiornata. 260 $aBologna :$bIl Mulino,$cİ2010. 300 $a137 p. :$bgrafici ;$c20 cm 490 1 $aFarsi un'idea ;$v124 504 $aInclude riferimenti bibliografici. 650 4$aEconomia.$0(OLS)http://pul/subject/1893 650 4$aMercati.$0(OLS)http://pul/subject/18899 830 0$aFarsi un'idea ;$v124.$0(OLS)http://pul/title/101466 850 $aPUL 852 $aPUL$W1$xSL Diritto e Scienze Sociali 3$y79$m337 BERGI 1$j142846$qDDC 21$B141781$CPULBib$Z2$F141781 $H115334 $82 941 1 $a9 996 $6020$a978-88-15-13892-7$9(OLS)http://pul/number/146135 996 $6082$a337$9(OLS)http://pul/classification/1692 996 $6245$aIl mercato$9(OLS)http://pul/title/156284 996 $6260$aBologna :$bIl Mulino$9(OLS)http://pul/publisher/47928 LEADER 01435nam a2200325 u 4500 001 000000057253 003 CaOOAMICUS 005 20070226120549.0 008 010504s1997 it u000 u ita u 020 $a8821527964 035 $a10887244 040 $aPUL(R)$bita 245 00$aMetodologia teologica :$bavviamento allo studio e alla ricerca pluridisciplinari /$cGiuseppe Lorizio, Nunzio Galantino (edd.) 250 $a2. ed. 260 $aCinisello Balsamo :$bSan Paolo,$c1997. 300 $a487 p. ;$c21 cm 490 1 $aUniverso teologia ;$v28 500 $aContiene indice. 650 4$aTeologia$xMetodologia.$0(OLS)http://pul/subject/15735 650 4$aTeologia$xRicerca.$0(OLS)http://pul/subject/15736 700 1 $aLorizio, Giuseppe,$csacerdote,$d1952-$0(OLS)http://pul/name/27 700 1 $aGalantino, Nunzio,$cvesc. di Cassano allo Jonio,$d1948-$0(OLS)http://pul/name/699 830 0$aUniverso teologia ;$v28.$0(OLS)http://pul/title/37119 850 $aPUL 852 $aPUL$W1$xSL Religione 1$y3$m61 B 77$j74932$nBK-PRI$b $qStampati$B74932$CPULBib$Z2$F74932 $H $81 941 1 $a8 961 $aINV: 82492 996 $6020$a8821527964$9(OLS)http://pul/number/33649 996 $6245$aMetodologia teologica :$bavviamento allo studio e alla ricerca pluridisciplinari$9(OLS)http://pul/title/37118 996 $6260$aCinisello Balsamo :$bSan Paolo$9(OLS)http://pul/publisher/54577